Administrative division of Russia - Statistics

General Stats
  • This quiz has been taken 287 times
  • The average score is 49 of 91
Answer Stats
Republics
Countries
Region
Segregated Cities
Autonomous Oblasts
Autonomous Okrugs
Former autonomous okrugs
% Correct
Moscow
92%
Moscow Region
92%
Republic of Chechen
88%
Republic of Dagestan
84%
St. Petersburg
84%
Volgograd region
80%
Rostov region
76%
Samara region
76%
Krasnodar Krai
76%
Voronezh region
76%
Belgorod region
72%
Republic of Karelia
72%
Republic of Tuva
72%
Sakhalin region
72%
Astrakhan region
68%
Bryansk region
68%
Leningrad region
68%
Orenburg region
68%
Perm Krai
68%
Omsk region
68%
Republic of Ingush
68%
Republic of Tatarstan
68%
Arkhangelsk region
64%
Murmansk region
64%
Tomsk region
64%
Tula region
64%
Ulyanovsk region
64%
Khabarovsk Krai
64%
Republic of Buryatia
64%
Republic of Crime
64%
Republic of Mari El
64%
Vladimir region
64%
Altai Krai
60%
Amur region
60%
Kamchatka Krai
60%
Krasnoyarsk Krai
60%
Kursk region
60%
Novosibirsk region
60%
Smolensk region
60%
Tver region
60%
Tyumen region
60%
Kirov Region
60%
Komi-Permyak Autonomous Okrug
60%
Magadan region
60%
Pskov region
60%
Republic of Altai
60%
Republic of Komi
60%
Republic of Mordovia
60%
Republic of North Ossetia
60%
Irkutsk region
56%
Primorsky Krai
56%
Ryazan region
56%
Stavropol Krai
56%
Lipetsk region
56%
Nenets Autonomous Okrug
56%
Republic of Chuvash
56%
Republic of Kabardino-Balkar
56%
Republic of Kalmykia
56%
Republic of Karachay-Cherkessia
56%
Saratov region
56%
Ivanovo region
52%
Kaluga region
52%
Novgorod region
52%
Kostroma region
52%
Sverdlovsk region
52%
Chelyabinsk region
48%
Kurgan region
48%
Tambov region
48%
Yaroslavl region
48%
Kemerovo region
48%
Nizhny Novgorod region
48%
Republic of Udmurtia
48%
Yamalo-Nenets Autonomous Okrug
48%
Republic of Khakassia
44%
Republic of Yakutia
44%
Sevastopol
44%
Jewish Autonomous Oblast
40%
Khanty-Mansi Autonomous Okrug
40%
Kaliningrad region
36%
Republic of Bashkiria
24%
Chukotka Autonomous Okrug
16%
Republic of Adygea
16%
Zabaikalsky Krai
12%
Orlov region
8%
Vologod region
8%
Penzen region
8%
Agin-Buryat Autonomous Okrug
0%
Evenk Autonomous Okrug
0%
Koryak Autonomous Okrug
0%
Taymyr Autonomous Okrug
0%
Ust-Orda Buryat Autonomous Okrug
0%
No matching quizzes found
Score Distribution
Percent of People with Each Score
Percentile by Number Answered
Your Score History
You have not taken this quiz